000 00254nam a2200109Ia 4500
008 190216s9999||||xx |||||||||||||| ||und||
100 _aJoseph
245 0 _aMalayathile Parageeya Padangal
260 _bBhasha Institute
650 _aPadanam
942 _cBK
999 _c40431
_d40431